Aden Arabia /

Sparad:
Bibliografiska uppgifter
Huvudupphov: Nizan, Paul (autor)
Övriga upphov: Sartre, Jean-Paul (prólogo) (prólogo)
Materialtyp: Bok
Språk:spanska
Utgiven: Buenos Aires, Argentina : Ediciones de La Flor, 1967, c1967
Ämnen:
Taggar: Lägg till en tagg
Inga taggar, Lägg till första taggen!

MARC

LEADER 00000nam^a2200000^a^4500
001 000163956
005 20250521000000.0
009 20260310100925.565
037 |a Acervo ITESO - Biblioteca 
041 |a ESP 
082 |a 844.  |b NIZ 
100 |a Nizan, Paul  |e (autor) 
245 1 0 |a Aden Arabia /  |c P. Nizan ; pról. de J.P. Sartre ; tr. por Liliane Isler. 
264 4 |a Buenos Aires, Argentina :  |b Ediciones de La Flor,  |c 1967, c1967 
300 |a 159 p. 
336 |a texto  |b txt  |2 rdacontenido 
337 |a sin mediación  |b n  |2 rdamedio 
338 |a volumen  |b nc  |2 rdasoporte 
500 |a Traducción de: Aden Arabie 
649 |a XX 
650 |a Ensayos Franceses 
650 |a Marxismo 
650 |a Literatura Francesa -  |y Siglo XX 
650 |a Literatura y Política -  |z Francia 
700 |a Sartre, Jean-Paul  |e (prólogo) 
910 |a Fondo Armando Suárez Gómez 
920 |a Impresos - Libros 
930 |a Fondos Especiales 
940 |a Literatura 
905 |a 111 
901 |a 0700005762  |b IT2  |c ESP  |u 20250521 
902 |a https://opac.biblio.iteso.mx/vufind/Record/000163956